| 000 | 00949nam a22003017a 4500 | ||
|---|---|---|---|
| 001 | 7761 | ||
| 003 | FISKH | ||
| 005 | 20250805093111.0 | ||
| 008 | 250805b cb ||||| |||| 00| 0 eng d | ||
| 020 | _a9788120730250 | ||
| 040 |
_aFISKH _beng _cFISKH _dFISKH |
||
| 050 | _a PZ7.B4573 B | ||
| 082 | _a370 | ||
| 100 | _aS.Bernthal, Mark | ||
| 245 |
_aBarney : _bLet's go to the library / _cWritten by Mark S.Bernthal ; Photography by Dennis Full |
||
| 250 | _aThis edition first published in 2006 | ||
| 260 |
_aNew Delhi : _bSterling, _c2006 |
||
| 300 |
_a23 unnumbered pages : _bcolor illustrations ; _c22 cm |
||
| 505 | _aJ | ||
| 520 | _aBarney takes Baby Bop to the library so that she can get her own library card. | ||
| 521 | 8 |
_a500 estimated
_blexile |
|
| 521 | 8 |
_aJ
_bRaz-Plus |
|
| 650 |
_2Barney _aLibrary |
||
| 650 |
_2Kids book _aPaperback |
||
| 700 |
_aFull, Dennis _dillustrator |
||
| 942 |
_2ddc _cBK _n0 |
||
| 999 |
_c7761 _d7761 |
||